The French revolution /

Uložené v:
Podrobná bibliografia
Hlavný autor: Rosenthal, Miriam (Author)
Médium: Kniha
Jazyk:English
Vydané: London : Longmans, 1966
Vydanie:2nd ed.
Edícia:Then and there series
Témy:
ISBN: (brož.)
Fyzický popis: 106 s.
Tagy: Pridať tag
Žiadne tagy, Buďte prvý kto otaguje tento záznam!

MARC

LEADER 00000nam a2200000 a 4500
001 000254708
005 20060606094459.0
008 060606s1966 xxk e 000 0 engo
020 |a (brož.) 
040 |a SVKKK  |b slo  |c SVKKK  |e AACR2 
041 0 |a eng 
044 |a xxk  |c GB 
100 1 |a Rosenthal, Miriam  |4 aut 
245 1 0 |a The French revolution /  |c Miriam Rosenthal 
250 |a 2nd ed. 
260 |a London :  |b Longmans,  |c 1966 
300 |a 106 s. 
440 0 |a Then and there series 
655 7 |a monografie  |2 SVKKKPH 
998 |a BK 
090 |g SCKHL  |k Sklad Pribinova 2. posch.  |a II.344836  |j 837380  |i 2720185427  |s Absenčne